| 000 | 00787nam a2200277Ia 4500 | ||
|---|---|---|---|
| 003 | OSt | ||
| 005 | 20221006152533.0 | ||
| 006 | a|||||r|||| 00| 0 | ||
| 007 | ta | ||
| 008 | 221006b |||||||| |||| 00| 0 eng d | ||
| 020 |
_c _122.95 |
||
| 024 | _a28,652 | ||
| 037 | _cTextual | ||
| 040 |
_aEASL _cEASL _beng |
||
| 041 |
_2eng _aeng |
||
| 082 | _aW691v41, N5 | ||
| 100 | _aSAICH Tony Ed. | ||
| 245 | 0 | _aNew perspectives on the Chinese Communist Revolution | |
| 260 |
_aArmonk _bM.E. Sharpe _c1995 |
||
| 300 |
_a414p. _ccm. |
||
| 490 | _v CEL | ||
| 700 |
_a VAN DE VEN Hans Ed. _9660888 |
||
| 700 |
_a Ven Hans Van de Ed. _9660889 |
||
| 942 |
_hW691v41, N5 _cTEXL _2CC |
||
| 999 |
_c1096738 _d1096738 |
||